Resumen: Aspectos psicosociales en la problemática de los refugiados nicaragüenses de origen campesino

Spremljeno u:
Bibliografski detalji
Glavni autor: Pacheco Oreamuno, Gilda
Format: Tekst
Izdano: San José: Confederación Universitaria Centroamericana. Hemispheric Migration Policy and Rfugee Assistance
Oznake: Dodaj oznaku
Bez oznaka, Budi prvi tko označuje ovaj zapis!

MARC

LEADER 00000 a a2200000 04500
001 21457
003
040
090 |a 094600  
100 |a Pacheco Oreamuno, Gilda  
245 |a Resumen: Aspectos psicosociales en la problemática de los refugiados nicaragüenses de origen campesino  
260 |a San José:   |b Confederación Universitaria Centroamericana. Hemispheric Migration Policy and Rfugee Assistance  
300 |a 30 p.  
999 |c 5520  |d 5520